Biografía de un cimarrón /
Kaydedildi:
| Yazar: | |
|---|---|
| Materyal Türü: | Bilinmiyor |
| Dil: | Spanish |
| Baskı/Yayın Bilgisi: |
México :
Siglo Veintiuno Editores,
1978.
|
| Edisyon: | 5. edición |
| Konular: | |
| Etiketler: |
Etiketle
Etiket eklenmemiş, İlk siz ekleyin!
|
MARC
| LEADER | 000000000a22000000004500 | ||
|---|---|---|---|
| 001 | 002386 | ||
| 020 | |a 9682301688 | ||
| 041 | 0 | |a spa | |
| 082 | 0 | 4 | |a 92 |b M775b5 |
| 100 | 1 | |a Barnet, Miguel, |d 1940- | |
| 245 | 1 | 0 | |a Biografía de un cimarrón / |c Miguel Barnet. |
| 250 | |a 5. edición | ||
| 260 | 1 | |a México : |b Siglo Veintiuno Editores, |c 1978. | |
| 300 | |a 205 páginas | ||
| 650 | 4 | |a MONTEJO, ESTEBAN | |
| 650 | 4 | |a ESCLAVITUD EN CUBA | |
| 999 | |c 8839 |d 8839 | ||
| 942 | |c BK |h 92 M775b5 |2 z | ||



